Probabilistic methods of signal and system analysis / (Record no. 175726)
[ view plain ]
| 000 -LEADER | |
|---|---|
| fixed length control field | 01313 a2200277 4500 |
| 003 - CONTROL NUMBER IDENTIFIER | |
| control field | Nust |
| 005 - DATE AND TIME OF LATEST TRANSACTION | |
| control field | 20220818104051.0 |
| 010 ## - LIBRARY OF CONGRESS CONTROL NUMBER | |
| LC control number | 97043417 |
| 020 ## - INTERNATIONAL STANDARD BOOK NUMBER | |
| International Standard Book Number | 0195123549 (cloth) |
| 040 ## - CATALOGING SOURCE | |
| Transcribing agency | Nust |
| 082 00 - DEWEY DECIMAL CLASSIFICATION NUMBER | |
| Classification number | 621.3822,COO |
| 100 1# - MAIN ENTRY--PERSONAL NAME | |
| Personal name | Cooper, George R. |
| 9 (RLIN) | 97943 |
| 245 10 - TITLE STATEMENT | |
| Title | Probabilistic methods of signal and system analysis / |
| Statement of responsibility, etc. | George R. Cooper, Clare D. McGillem. |
| 250 ## - EDITION STATEMENT | |
| Edition statement | 3rd ed. |
| 260 ## - PUBLICATION, DISTRIBUTION, ETC. | |
| Place of publication, distribution, etc. | New York : |
| Name of publisher, distributor, etc. | Oxford University Press, |
| Date of publication, distribution, etc. | 1999. |
| 300 ## - PHYSICAL DESCRIPTION | |
| Extent | xiii, 480 p. ; |
| Dimensions | 25 cm. |
| 440 #4 - SERIES STATEMENT/ADDED ENTRY--TITLE | |
| Title | The Oxford series in electrical and computer engineering |
| 9 (RLIN) | 97944 |
| 505 ## - FORMATTED CONTENTS NOTE | |
| Formatted contents note | Introduction to Probability (Page-11), Random Variables (Page-52),Several Random Variables (Page-120), Elements of Statistics (Page-159), Random Processes (Page-189), Correlation Functions (Page-209), Spectral Density (Page-257), Response of Linear Systems to Random Inputs (Page-323), Optimum Linear Systems (Page-381), |
| 650 #0 - SUBJECT ADDED ENTRY--TOPICAL TERM | |
| Topical term or geographic name entry element | Probabilities. |
| 650 #0 - SUBJECT ADDED ENTRY--TOPICAL TERM | |
| Topical term or geographic name entry element | System analysis |
| General subdivision | Statistical methods. |
| 9 (RLIN) | 97945 |
| 650 #0 - SUBJECT ADDED ENTRY--TOPICAL TERM | |
| Topical term or geographic name entry element | Telecommunication engineering |
| 700 1# - ADDED ENTRY--PERSONAL NAME | |
| Personal name | McGillem, Clare D. |
| 9 (RLIN) | 97946 |
| 856 42 - ELECTRONIC LOCATION AND ACCESS | |
| Materials specified | Publisher description |
| Uniform Resource Identifier | <a href="http://www.loc.gov/catdir/enhancements/fy0604/97043417-d.html">http://www.loc.gov/catdir/enhancements/fy0604/97043417-d.html</a> |
| 856 42 - ELECTRONIC LOCATION AND ACCESS | |
| Materials specified | Table of contents only |
| Uniform Resource Identifier | <a href="http://www.loc.gov/catdir/enhancements/fy0604/97043417-t.html">http://www.loc.gov/catdir/enhancements/fy0604/97043417-t.html</a> |
| 942 ## - ADDED ENTRY ELEMENTS (KOHA) | |
| Koha item type | Reference |
| Source of classification or shelving scheme | |
| Withdrawn status | Lost status | Source of classification or shelving scheme | Damaged status | Not for loan | Permanent Location | Current Location | Shelving location | Date acquired | Full call number | Barcode | Date last seen | Price effective from | Koha item type | Public note |
|---|---|---|---|---|---|---|---|---|---|---|---|---|---|---|
| Military College of Signals (MCS) | Military College of Signals (MCS) | Reference | 12/12/2016 | 621.3822,COO | MCS26973 | 12/08/2016 | 12/12/2016 | Reference | Almirah No.22, Shelf No.4 |
